<?xml version="1.0" encoding="UTF-8"?><?xml-stylesheet type="text/xsl" href="static/style.xsl"?><OAI-PMH xmlns="http://www.openarchives.org/OAI/2.0/" xmlns:xsi="http://www.w3.org/2001/XMLSchema-instance" xsi:schemaLocation="http://www.openarchives.org/OAI/2.0/ http://www.openarchives.org/OAI/2.0/OAI-PMH.xsd"><responseDate>2026-04-17T02:37:16Z</responseDate><request verb="GetRecord" identifier="oai:www.recercat.cat:2445/44045" metadataPrefix="marc">https://recercat.cat/oai/request</request><GetRecord><record><header><identifier>oai:recercat.cat:2445/44045</identifier><datestamp>2025-12-05T12:59:10Z</datestamp><setSpec>com_2072_1057</setSpec><setSpec>col_2072_478854</setSpec><setSpec>col_2072_478917</setSpec></header><metadata><record xmlns="http://www.loc.gov/MARC21/slim" xmlns:dcterms="http://purl.org/dc/terms/" xmlns:xsi="http://www.w3.org/2001/XMLSchema-instance" xmlns:doc="http://www.lyncode.com/xoai" xsi:schemaLocation="http://www.loc.gov/MARC21/slim http://www.loc.gov/standards/marcxml/schema/MARC21slim.xsd">
   <leader>00925njm 22002777a 4500</leader>
   <datafield ind2=" " ind1=" " tag="042">
      <subfield code="a">dc</subfield>
   </datafield>
   <datafield ind2=" " ind1=" " tag="720">
      <subfield code="a">Menéndez Varela, José Luis</subfield>
      <subfield code="e">author</subfield>
   </datafield>
   <datafield ind2=" " ind1=" " tag="260">
      <subfield code="c">2013-06-05T09:23:29Z</subfield>
   </datafield>
   <datafield ind2=" " ind1=" " tag="260">
      <subfield code="c">2013-06-05T09:23:29Z</subfield>
   </datafield>
   <datafield ind2=" " ind1=" " tag="260">
      <subfield code="c">2011</subfield>
   </datafield>
   <datafield ind2=" " ind1=" " tag="260">
      <subfield code="c">2013-06-05T09:23:29Z</subfield>
   </datafield>
   <datafield ind2=" " ind1=" " tag="520">
      <subfield code="a">[spa]En este artículo, se presenta el programa de tutoría entre iguales implantado por el Observatorio sobre la Didáctica de las Artes (ODAS, Universidad de Barcelona) en la Facultad de Bellas Artes durante el curso académico 2010-2011. Sin embargo, en la exposición de su finalidad, objetivos y proceso de implantación, se ha buscado que la descripción y comentario de las particularidades de esta experiencia incorporara también una reflexión más general sobre algunos de los puntos clave de la tutoría entre iguales. En el plano teórico, y a partir de las ideas de Lave y Wenger, el artículo defiende la importancia de la teoría entre iguales en la construcción de la identidad del estudiante como uno de los ejes de la mejora de sus aprendizajes y de su participación en la institución educativa. En este artículo, se presenta el programa de tutoría entre iguales implantado por el Observatorio sobre la Didáctica de las Artes (ODAS, Universidad de Barcelona) en la Facultad de Bellas Artes durante el curso académico 2010-2011. Sin embargo, en la exposición de su finalidad, objetivos y proceso de implantación, se ha buscado que la descripción y comentario de las particularidades de esta experiencia incorporara también una reflexión más general sobre algunos de los puntos clave de la tutoría entre iguales. En el plano teórico, y a partir de las ideas de Lave y Wenger, el artículo defiende la importancia de la teoría entre iguales en la construcción de la identidad del estudiante como uno de los ejes de la mejora de sus aprendizajes y de su participación en la institución educativa.</subfield>
   </datafield>
   <datafield ind2=" " ind1=" " tag="520">
      <subfield code="a">[eng]This article presents the peer tutoring program implemented by the Observatory for Education in the Arts (ODAS, University of Barcelona) in the Faculty of Fine Arts during the 2010-2011 academic year. However, in the explanation of its purpose, objectives and implementation process, it was sought that the description and commentary on the specific features of this experience were accompanied by a more general reflection on some of the key points of peer tutoring. At the theoretical level, and from the ideas of Lave and Wenger, the article argues the importance of peer tutoring in building the student"s identity as one of the pillars of improving its learning and its involvement in the educational institution.</subfield>
   </datafield>
   <datafield tag="653" ind2=" " ind1=" ">
      <subfield code="a">Tutoria entre iguals</subfield>
   </datafield>
   <datafield tag="653" ind2=" " ind1=" ">
      <subfield code="a">Educació superior</subfield>
   </datafield>
   <datafield tag="653" ind2=" " ind1=" ">
      <subfield code="a">Peer tutoring</subfield>
   </datafield>
   <datafield tag="653" ind2=" " ind1=" ">
      <subfield code="a">Higher education</subfield>
   </datafield>
   <datafield ind2="0" ind1="0" tag="245">
      <subfield code="a">Fundamentos de un programa de tutoría entre iguales en los estudios universitarios de las artes</subfield>
   </datafield>
</record></metadata></record></GetRecord></OAI-PMH>